The Gallup study on America's youth 1977-1988. (Record no. 14762)

000 -LEADER
fixed length control field 00629nam a2200193 a 4500
001 - CONTROL NUMBER
control field :::00012596$&:&@@
003 - CONTROL NUMBER IDENTIFIER
control field OkBaRHE
005 - DATE AND TIME OF LATEST TRANSACTION
control field 20100402122154.0
008 - FIXED-LENGTH DATA ELEMENTS--GENERAL INFORMATION
fixed length control field s1988 j 000 0 eng u
040 ## - CATALOGING SOURCE
Transcribing agency
100 1# - MAIN ENTRY--PERSONAL NAME
Personal name Bezilla, Robert,
245 14 - TITLE STATEMENT
Title The Gallup study on America's youth 1977-1988.
260 ## - PUBLICATION, DISTRIBUTION, ETC. (IMPRINT)
Place of publication, distribution, etc Princeton, NJ.,
Name of publisher, distributor, etc The George H. Gallup International Institute
Date of publication, distribution, etc 1988
300 ## - PHYSICAL DESCRIPTION
Extent 312 p. ;
Dimensions c28 cm.
650 ## - SUBJECT ADDED ENTRY--TOPICAL TERM
Topical term or geographic name as entry element Youth
General subdivision Conduct of Life
650 ## - SUBJECT ADDED ENTRY--TOPICAL TERM
Topical term or geographic name as entry element Youth
General subdivision Gallup Poll
942 ## - ADDED ENTRY ELEMENTS (KOHA)
Source of classification or shelving scheme
Koha item type Books
Copies
Lost status Date acquired Damaged status Permanent Location Koha item type Full call number Copy number Date last seen Price effective from Shelving location Withdrawn status Barcode Source of classification or shelving scheme Not for loan
 2010-04-14 RHEMA Bible Training CollegeBooksHQ 796 .G3 198812010-04-142010-04-14General Stacks 12596